| 000 | 01694nam0a2200325 4500 | ||
|---|---|---|---|
| 001 | RU\NLR\bibl\1414822 | ||
| 005 | 20260408070310.0 | ||
| 010 |
_a5-9651-0116-3 _9250 |
||
| 035 | _a(NLR Aleph) 001406792 | ||
| 090 |
_a1257093 _c1257093 |
||
| 100 | _a20090921d2007 |||y0rusy50 ca | ||
| 101 | 0 | _arus | |
| 102 | _aRU | ||
| 105 | _aa ||||||||| | ||
| 200 | 1 |
_aНаш матмех, (1954-1959) _e[воспоминания] _fС.-Петерб. гос. ун-т _g[авт.-сост. С.И. Дмитриева, Л.А. Ладнова (Архангельская)] |
|
| 210 |
_aСанкт-Петербург _cВВМ _d2007 |
||
| 215 |
_a275, [1] с. _cил., портр., факс. _d21 |
||
| 320 | _aБиблиогр. в подстроч. примеч. | ||
| 320 | _aФильмогр.: с. 273-274 | ||
| 601 | 0 | 2 |
_aЛГУ _bМатематико-механический факультет _jВоспоминания, записки и т.п. _xИстория _z1954 - 1959 _92574729 _3RU\NLR\auth\661522404 |
| 686 | _aЧ488.24(2)7г | ||
| 702 | 1 |
_4220 _8rus _7ca _aДмитриева _bС. И. _cканд. техн. наук _gСерафима Ивановна _3RU\NLR\auth\7782273 _965201 |
|
| 712 | 0 | 2 |
_4570 _aСанкт-Петербургский государственный университет _3RU\NLR\AUTH\8810043151 _9585805 |
| 801 | 0 |
_aRU _bNLR _c20090921 _gRCR |
|
| 801 | 1 |
_aRU _bNLR _c20090921 |
|
| 830 | _aсост. по кн. | ||
| 942 | _cBOOK | ||
| 980 | _aNB | ||